000 00313nam a22001337a 4500
082 _a894.812.3
_bKAV/K
100 _aKAVILPPAD
245 _aKERALATHILE 51 NODODIKATHAKAL
250 _a2
260 _aTHRISSUR
_bH&C PUBLISHING HOUSE
_c2006
300 _a96
650 _aMALAYALAM SHORT STORY
_zKERALA
942 _cBK
999 _c1271
_d1271